Spanish Speaking Cities - Sudden Death - Statistics

General Stats
  • This quiz has been taken 193 times
    191 since last reset
  • The average score is 13 of 21
Answers on the Grid
Answers color-coded by a green-red scale on the quiz's grid according to % correct below.
Madrid
Marseille
Porto
Guadalajara
Lisbon
Genoa
Caracas
Lima
Bogota
Santo Domingo
Port au Prince
Rio de Janeiro
Buenos Aires
Asuncion
Cordoba
San Juan
Palermo
Milan
Paramaribo
Malabo
Managua
Tijuana
San Antonio
El Paso
Bilbao
Valencia
Jakarta
Luanda
Havana
Manila
Miami
Barcelona
Bucaramanga
Rosario
La Paz
Angeles
 
Answer Stats
Answer % Correct
Madrid
98%
Caracas
85%
Buenos Aires
81%
Guadalajara
80%
Bogota
76%
Santo Domingo
76%
Lima
75%
San Juan
68%
Asuncion
65%
Tijuana
65%
Cordoba
63%
Valencia
58%
Barcelona
56%
Bilbao
56%
Havana
56%
La Paz
56%
Managua
46%
Rosario
42%
Bucaramanga
26%
El Paso
23%
Malabo
22%
No matching quizzes found
Score Distribution
Percent of People with Each Score
Percentile by Number Answered
Your Score History
You have not taken this quiz since the last reset